Normal view
MARC view
- George Chandler
Entry Personal Name
001 - CONTROL NUMBER
- control field: 9695
003 - CONTROL NUMBER IDENTIFIER
- control field: NUST
005 - DATE AND TIME OF LATEST TRANSACTION
- control field: 20180124123309.0
008 - FIXED-LENGTH DATA ELEMENTS
- fixed length control field: 180124|| aca||aabn | a|a d
040 ## - CATALOGING SOURCE
- Original cataloging agency: NUST
- Transcribing agency: NUST
100 ## - HEADING--PERSONAL NAME
- Personal name: George Chandler
670 ## - SOURCE DATA FOUND
- Source citation: Work cat.: (NUST)322686: George Chandler, Libraries in the East, 1971
